<?xml version="1.0" encoding="UTF-8"?>
<record
    xmlns:xsi="http://www.w3.org/2001/XMLSchema-instance"
    xsi:schemaLocation="http://www.loc.gov/MARC21/slim http://www.loc.gov/standards/marcxml/schema/MARC21slim.xsd"
    xmlns="http://www.loc.gov/MARC21/slim">

  <leader>01032nam a2200193 i 4500</leader>
  <controlfield tag="001">156265</controlfield>
  <controlfield tag="003">ES-MaACL</controlfield>
  <controlfield tag="005">20230906210349.0</controlfield>
  <controlfield tag="008">981228s1897    uy           |||| | spa d</controlfield>
  <datafield tag="040" ind1=" " ind2=" ">
    <subfield code="a">CCPB | B </subfield>
    <subfield code="b">spa </subfield>
    <subfield code="c">CCPB | B</subfield>
  </datafield>
  <datafield tag="100" ind1="1" ind2=" ">
    <subfield code="a">Jara, Ram&#xF3;n Angel.</subfield>
    <subfield code="9">66088</subfield>
  </datafield>
  <datafield tag="245" ind1="1" ind2="0">
    <subfield code="a">Oraci&#xF3;n f&#xFA;nebre del eminente orador chileno Dr. D. Ram&#xF3;n &#xC1;ngel Jara ... </subfield>
    <subfield code="b">: pronunciada el 20 de Agosto en las solemnes exequias celebradas por la colonia espa&#xF1;ola en la Iglesia Matriz de Valparaiso en honor del Excmo. Sr. don Antonio C&#xE1;novas del Castillo, con un pr&#xF3;logo / </subfield>
    <subfield code="c">por Mat&#xED;as Alonso Criado.</subfield>
  </datafield>
  <datafield tag="260" ind1=" " ind2=" ">
    <subfield code="a">Montevideo : </subfield>
    <subfield code="b">[s.n.], </subfield>
    <subfield code="c">1897 (</subfield>
    <subfield code="f">Tipograf&#xED;a de la Escuela Nacional de Artes y Oficios)</subfield>
  </datafield>
  <datafield tag="300" ind1=" " ind2=" ">
    <subfield code="a">59 p. ; </subfield>
    <subfield code="c">19 cm.</subfield>
  </datafield>
  <datafield tag="600" ind1="1" ind2="4">
    <subfield code="a">C&#xE1;novas del Castillo, Antonio, 1828-1897-</subfield>
    <subfield code="v">Homenajes</subfield>
    <subfield code="9">34602</subfield>
  </datafield>
  <datafield tag="700" ind1="0" ind2=" ">
    <subfield code="a">Alonso Criado, Mat&#xED;as.</subfield>
    <subfield code="9">20281</subfield>
  </datafield>
  <datafield tag="852" ind1=" " ind2=" ">
    <subfield code="a">ES-MaACL</subfield>
    <subfield code="j">T-792-F-1 </subfield>
    <subfield code="z">-- Enc. hol. </subfield>
    <subfield code="z">-- Ded. ms. del autor al Ateneo</subfield>
    <subfield code="z">-- Enc. en un vol. facticio, conservando la enc. editorial</subfield>
  </datafield>
  <datafield tag="999" ind1=" " ind2=" ">
    <subfield code="c">156265</subfield>
    <subfield code="d">156265</subfield>
  </datafield>
  <datafield tag="952" ind1=" " ind2=" ">
    <subfield code="0">0</subfield>
    <subfield code="1">0</subfield>
    <subfield code="4">0</subfield>
    <subfield code="7">0</subfield>
    <subfield code="8">Colecci&#xF3;n_de_folletos</subfield>
    <subfield code="a">ATENEOM</subfield>
    <subfield code="b">ATENEOM</subfield>
    <subfield code="c">DEPOF</subfield>
    <subfield code="d">2008-01-17</subfield>
    <subfield code="l">0</subfield>
    <subfield code="o">T-792-F-1</subfield>
    <subfield code="p">1163485</subfield>
    <subfield code="r">2023-02-23 00:00:00</subfield>
    <subfield code="w">2023-02-23</subfield>
    <subfield code="y">FOLLETOS</subfield>
  </datafield>
</record>
